Medical Dramas by IMDb Description - Statistics

General Stats
  • This quiz has been taken 93 times
    13 since last reset
  • The average score is 8 of 15
Answer Stats
Year(s) Description Medical Drama % Correct
2017-2024 Shaun Murphy, a young surgeon with autism and Savant syndrome, is recruited into the surgical unit of a prestigious hospital. The Good Doctor
100%
2005- A drama centered on the personal and professional lives of five surgical interns and their supervisors. Grey's Anatomy
92%
2025- The daily lives of healthcare professionals in a Pittsburgh hospital as they juggle personal crises, workplace politics, and the emotional toll of treating critically ill patients, revealing the resilience required in their noble calling. The Pitt
92%
1994-2009 The doctors who work in the ER at the County General Hospital in Chicago grapple with ups and downs in their personal and professional lives while trying to give apt medical care to their patients. ER
77%
2004-2012 Using a crack team of doctors and his wits, an antisocial maverick doctor specializing in diagnostic medicine does whatever it takes to solve puzzling cases that come his way. House
69%
1989-1993 A teenage genius deals with the usual problems of growing up, on top of being a licensed physician in a difficult residency program. Doogie Howser, M.D.
54%
2009-2015 A drug-addicted nurse struggles to find a balance between the demands of her frenetic job at a New York City hospital and an array of personal dramas. Nurse Jackie
54%
2001-2010 In the unreal world of Sacred Heart Hospital, intern John "J.D." Dorian learns the ways of medicine, friendship and life. Scrubs
54%
1963- Families, friends, enemies, and lovers experience life-changing events in the large upstate city of Port Charles, New York, which has a busy hospital, upscale hotel, cozy diner, and dangerous waterfront frequented by the criminal underworld. General Hospital
46%
2018-2022 A new medical director breaks the rules to heal the system at America's oldest public hospital. New Amsterdam
38%
2003-2010 Two plastic surgeons--one a dedicated family man and one an unscrupulous playboy--strive to maintain their business whilst having to work their way through numerous hardships ranging from personal to clients with criminal connections. Nip/Tuck
38%
2015- The city's most highly skilled medical team saves lives, while navigating their unique interpersonal relationships. Chicago Med
23%
1982-1988 The lives and work of the staff of St. Eligius Hospital, an old and disrespected Boston teaching hospital. St. Elsewhere
23%
2018-2023 A group of doctors at Chastain Memorial Hospital face personal and professional challenges on a daily basis. The Resident
23%
2009-2016 An unfairly discredited but brilliant diagnostic surgeon winds up working with his cheesy brother in the Hamptons as a concierge doctor to the uber-rich and ultra-elite. Royal Pains
15%
No matching quizzes found
Score Distribution
Percent of People with Each Score
Percentile by Number Answered
Your Score History
You have not taken this quiz since the last reset